000 00576nam a2200229Ia 4500
003 OSt
005 20220924153333.0
006 a|||||r|||| 00| 0
007 ta
008 220923b |||||||| |||| 00| 0 guj d
024 _a347976
037 _cTextual
040 _aARTS
_cARTS
_bguj
041 _2guj
_aguj
082 _aV2:51wM95,1, 156J4
100 _aBavay Vinobha
_9228573
245 0 _aSthith pragdarshan
260 _c1954
650 _aHISTORY
942 _hV2:51wM95,1, 156J4
_cTEXL
_2CC
999 _c473217
_d473217